00691 2200277 4500001002100000005001500021008004100036020002200077035002000099082000800119084001400127100002100141245007400162250000600236260003200242300002900274650001400303990001200317990001200329990001200341990001200353990001200365990001200377990001200389990001200401INLIS00000000000011820240502104732240502 0 ind  a978-602-282-452-7 a0010-0424000094 a600 a600 IND p aSetyowati, Indah1 aPrakarya dan Kewirausahaan Kelas XI Semester 1 /cRR. Indah Setyowati a1 aJakarta :bKEMDIKBUD,c2017 a250 hlm ;c17 cm x 25 cm 4aNon Fiksi a0737649 a0737650 a0737651 a0737652 a0737653 a0737654 a0737655 a0737656